000 00618nam a2200241 a 4500
001 nice12345678
003 IN_TiNIC
005 20260116012158.0
008 050524s1943 hyda grp 000 0 eng
020 _a
_c100
082 0 0 _a305.80954
_bJUN
100 _aJung, Akbar Yar
245 _aHumanity and Politics.
260 _aHyderabad
_bHyderabad Fellowship Publications
_c1943
300 _a12p
500 _aincludes index and biblioraphy
505 2 _aHyderabad Fellowship Publications No. 2.
650 _aSociology
700 1 _aJung, Akbar Yar
902 _bSRS
942 _cBK
999 _c5962
_d5962